<?xml version="1.0" encoding="UTF-8"?>
<record
    xmlns:xsi="http://www.w3.org/2001/XMLSchema-instance"
    xsi:schemaLocation="http://www.loc.gov/MARC21/slim http://www.loc.gov/standards/marcxml/schema/MARC21slim.xsd"
    xmlns="http://www.loc.gov/MARC21/slim">

  <leader>00895nam a22002657a 4500</leader>
  <controlfield tag="001">72141</controlfield>
  <controlfield tag="003">BD-RjUL</controlfield>
  <controlfield tag="005">20211209082221.0</controlfield>
  <controlfield tag="008">170514r20021973enka          000 0 eng d</controlfield>
  <datafield tag="020" ind1=" " ind2=" ">
    <subfield code="a">8178081636</subfield>
  </datafield>
  <datafield tag="035" ind1=" " ind2=" ">
    <subfield code="a">(BD-RjUL)72357</subfield>
  </datafield>
  <datafield tag="040" ind1=" " ind2=" ">
    <subfield code="a">TXV</subfield>
    <subfield code="c">TXV</subfield>
    <subfield code="d">MYG</subfield>
    <subfield code="d">BD-RjUL</subfield>
    <subfield code="b">eng</subfield>
  </datafield>
  <datafield tag="041" ind1=" " ind2=" ">
    <subfield code="a">eng</subfield>
  </datafield>
  <datafield tag="082" ind1=" " ind2=" ">
    <subfield code="2">23</subfield>
    <subfield code="a">547</subfield>
    <subfield code="b">FIO 2002</subfield>
  </datafield>
  <datafield tag="100" ind1="1" ind2=" ">
    <subfield code="a">Finar, I. L.</subfield>
    <subfield code="q">(Ivor Lionel)</subfield>
    <subfield code="9">118602</subfield>
  </datafield>
  <datafield tag="245" ind1="1" ind2="0">
    <subfield code="a">Organic chemistry /  </subfield>
    <subfield code="c">I. L. Finar</subfield>
  </datafield>
  <datafield tag="250" ind1=" " ind2=" ">
    <subfield code="a">6th ed.</subfield>
  </datafield>
  <datafield tag="260" ind1=" " ind2=" ">
    <subfield code="a">Harlow [England] :</subfield>
    <subfield code="b">J. Wiley Distributor,</subfield>
    <subfield code="c">1973,[Reprinted 2002]</subfield>
  </datafield>
  <datafield tag="300" ind1=" " ind2=" ">
    <subfield code="a">Vol. 1 :</subfield>
    <subfield code="b">ill. ;</subfield>
    <subfield code="c">25 cm.</subfield>
  </datafield>
  <datafield tag="500" ind1=" " ind2=" ">
    <subfield code="a">American ISBN and distribution statement mounted on p. 4 of cover.</subfield>
  </datafield>
  <datafield tag="504" ind1=" " ind2=" ">
    <subfield code="a">Includes bibliographies and index.</subfield>
  </datafield>
  <datafield tag="505" ind1="0" ind2=" ">
    <subfield code="a">v. 1. The fundamental principles -- v. 2. Stereochemistry and the chemistry of natural products.</subfield>
  </datafield>
  <datafield tag="650" ind1=" " ind2="0">
    <subfield code="a">Chemistry, Organic.</subfield>
    <subfield code="9">213367</subfield>
  </datafield>
  <datafield tag="942" ind1=" " ind2=" ">
    <subfield code="2">ddc</subfield>
    <subfield code="c">BK</subfield>
  </datafield>
  <datafield tag="999" ind1=" " ind2=" ">
    <subfield code="c">72141</subfield>
    <subfield code="d">72141</subfield>
  </datafield>
  <datafield tag="952" ind1=" " ind2=" ">
    <subfield code="0">0</subfield>
    <subfield code="1">0</subfield>
    <subfield code="2">ddc</subfield>
    <subfield code="4">0</subfield>
    <subfield code="7">1</subfield>
    <subfield code="8">NFIC</subfield>
    <subfield code="a">RUCL</subfield>
    <subfield code="b">RUCL</subfield>
    <subfield code="c">Reading</subfield>
    <subfield code="d">2006-01-04</subfield>
    <subfield code="e">Paragon Ent</subfield>
    <subfield code="g">475.00</subfield>
    <subfield code="l">0</subfield>
    <subfield code="o">547 FIO V-1  2002</subfield>
    <subfield code="r">2017-05-14 00:00:00</subfield>
    <subfield code="t">C-1</subfield>
    <subfield code="w">2017-05-14</subfield>
    <subfield code="y">BK</subfield>
  </datafield>
  <datafield tag="952" ind1=" " ind2=" ">
    <subfield code="0">0</subfield>
    <subfield code="1">0</subfield>
    <subfield code="2">ddc</subfield>
    <subfield code="4">0</subfield>
    <subfield code="7">0</subfield>
    <subfield code="8">NFIC</subfield>
    <subfield code="a">RUCL</subfield>
    <subfield code="b">RUCL</subfield>
    <subfield code="c">Stack</subfield>
    <subfield code="d">1974-03-18</subfield>
    <subfield code="e">Britain</subfield>
    <subfield code="l">2</subfield>
    <subfield code="o">547 FIO V-1 1973</subfield>
    <subfield code="r">2025-09-16 00:00:00</subfield>
    <subfield code="s">2025-09-02</subfield>
    <subfield code="t">C-2</subfield>
    <subfield code="w">2017-06-05</subfield>
    <subfield code="y">BK</subfield>
  </datafield>
  <datafield tag="952" ind1=" " ind2=" ">
    <subfield code="0">0</subfield>
    <subfield code="1">0</subfield>
    <subfield code="2">ddc</subfield>
    <subfield code="4">0</subfield>
    <subfield code="7">0</subfield>
    <subfield code="8">NFIC</subfield>
    <subfield code="a">RUCL</subfield>
    <subfield code="b">RUCL</subfield>
    <subfield code="c">Stack</subfield>
    <subfield code="d">1975-03-08</subfield>
    <subfield code="e">Britain</subfield>
    <subfield code="l">0</subfield>
    <subfield code="o">547 FIO V-1 1973</subfield>
    <subfield code="r">2017-06-05 00:00:00</subfield>
    <subfield code="t">C-3</subfield>
    <subfield code="w">2017-06-05</subfield>
    <subfield code="y">BK</subfield>
  </datafield>
  <datafield tag="952" ind1=" " ind2=" ">
    <subfield code="0">0</subfield>
    <subfield code="1">0</subfield>
    <subfield code="2">ddc</subfield>
    <subfield code="4">0</subfield>
    <subfield code="7">0</subfield>
    <subfield code="8">NFIC</subfield>
    <subfield code="a">RUCL</subfield>
    <subfield code="b">RUCL</subfield>
    <subfield code="c">Stack</subfield>
    <subfield code="d">1974-03-18</subfield>
    <subfield code="e">Britain</subfield>
    <subfield code="l">0</subfield>
    <subfield code="o">547 FIO V-1 1973</subfield>
    <subfield code="r">2017-06-05 00:00:00</subfield>
    <subfield code="t">C-4</subfield>
    <subfield code="w">2017-06-05</subfield>
    <subfield code="y">BK</subfield>
  </datafield>
  <datafield tag="952" ind1=" " ind2=" ">
    <subfield code="0">0</subfield>
    <subfield code="1">0</subfield>
    <subfield code="2">ddc</subfield>
    <subfield code="4">0</subfield>
    <subfield code="7">0</subfield>
    <subfield code="8">NFIC</subfield>
    <subfield code="a">RUCL</subfield>
    <subfield code="b">RUCL</subfield>
    <subfield code="c">Stack</subfield>
    <subfield code="d">1974-03-18</subfield>
    <subfield code="e">Britain</subfield>
    <subfield code="l">0</subfield>
    <subfield code="o">547 FIO V-1 1973</subfield>
    <subfield code="r">2017-06-05 00:00:00</subfield>
    <subfield code="t">C-5</subfield>
    <subfield code="w">2017-06-05</subfield>
    <subfield code="y">BK</subfield>
  </datafield>
  <datafield tag="952" ind1=" " ind2=" ">
    <subfield code="0">0</subfield>
    <subfield code="1">0</subfield>
    <subfield code="2">ddc</subfield>
    <subfield code="4">0</subfield>
    <subfield code="7">0</subfield>
    <subfield code="8">NFIC</subfield>
    <subfield code="a">RUCL</subfield>
    <subfield code="b">RUCL</subfield>
    <subfield code="c">Stack</subfield>
    <subfield code="d">1974-03-18</subfield>
    <subfield code="e">Britain</subfield>
    <subfield code="l">0</subfield>
    <subfield code="o">547 FIO V-1 1973</subfield>
    <subfield code="r">2017-06-06 00:00:00</subfield>
    <subfield code="t">C-6</subfield>
    <subfield code="w">2017-06-06</subfield>
    <subfield code="y">BK</subfield>
  </datafield>
  <datafield tag="952" ind1=" " ind2=" ">
    <subfield code="0">0</subfield>
    <subfield code="1">0</subfield>
    <subfield code="2">ddc</subfield>
    <subfield code="4">0</subfield>
    <subfield code="7">0</subfield>
    <subfield code="8">NFIC</subfield>
    <subfield code="a">RUCL</subfield>
    <subfield code="b">RUCL</subfield>
    <subfield code="c">Stack</subfield>
    <subfield code="d">1974-03-18</subfield>
    <subfield code="e">Britain</subfield>
    <subfield code="l">0</subfield>
    <subfield code="o">547 FIO V-1 1973</subfield>
    <subfield code="r">2017-06-06 00:00:00</subfield>
    <subfield code="t">C-7</subfield>
    <subfield code="w">2017-06-06</subfield>
    <subfield code="y">BK</subfield>
  </datafield>
  <datafield tag="952" ind1=" " ind2=" ">
    <subfield code="0">0</subfield>
    <subfield code="1">0</subfield>
    <subfield code="2">ddc</subfield>
    <subfield code="4">0</subfield>
    <subfield code="7">0</subfield>
    <subfield code="8">NFIC</subfield>
    <subfield code="a">RUCL</subfield>
    <subfield code="b">RUCL</subfield>
    <subfield code="c">Stack</subfield>
    <subfield code="d">1974-03-18</subfield>
    <subfield code="e">Britain</subfield>
    <subfield code="l">0</subfield>
    <subfield code="o">547 FIO V-1 1973</subfield>
    <subfield code="r">2017-06-06 00:00:00</subfield>
    <subfield code="t">C-8</subfield>
    <subfield code="w">2017-06-06</subfield>
    <subfield code="y">BK</subfield>
  </datafield>
  <datafield tag="952" ind1=" " ind2=" ">
    <subfield code="0">0</subfield>
    <subfield code="1">0</subfield>
    <subfield code="2">ddc</subfield>
    <subfield code="4">0</subfield>
    <subfield code="7">0</subfield>
    <subfield code="8">NFIC</subfield>
    <subfield code="a">RUCL</subfield>
    <subfield code="b">RUCL</subfield>
    <subfield code="c">Stack</subfield>
    <subfield code="d">2006-01-04</subfield>
    <subfield code="e">Paragon Enterprises Ltd</subfield>
    <subfield code="g">475.00</subfield>
    <subfield code="l">3</subfield>
    <subfield code="o">547 FIO V-1  2002</subfield>
    <subfield code="r">2025-01-19 00:00:00</subfield>
    <subfield code="s">2021-12-17</subfield>
    <subfield code="t">C-9</subfield>
    <subfield code="w">2021-12-09</subfield>
    <subfield code="y">BK</subfield>
  </datafield>
  <datafield tag="952" ind1=" " ind2=" ">
    <subfield code="0">0</subfield>
    <subfield code="1">0</subfield>
    <subfield code="2">ddc</subfield>
    <subfield code="4">0</subfield>
    <subfield code="7">0</subfield>
    <subfield code="8">NFIC</subfield>
    <subfield code="a">RUCL</subfield>
    <subfield code="b">RUCL</subfield>
    <subfield code="c">Stack</subfield>
    <subfield code="d">2004-01-04</subfield>
    <subfield code="e">Paragon Enterprises Ltd</subfield>
    <subfield code="g">475.00</subfield>
    <subfield code="l">2</subfield>
    <subfield code="o">547 FIO V-1  2002</subfield>
    <subfield code="r">2023-11-19 00:00:00</subfield>
    <subfield code="s">2023-11-05</subfield>
    <subfield code="t">C-10</subfield>
    <subfield code="w">2021-12-09</subfield>
    <subfield code="y">BK</subfield>
  </datafield>
  <datafield tag="952" ind1=" " ind2=" ">
    <subfield code="0">0</subfield>
    <subfield code="1">0</subfield>
    <subfield code="2">ddc</subfield>
    <subfield code="4">0</subfield>
    <subfield code="7">0</subfield>
    <subfield code="8">NFIC</subfield>
    <subfield code="a">RUCL</subfield>
    <subfield code="b">RUCL</subfield>
    <subfield code="c">Stack</subfield>
    <subfield code="d">1974-03-18</subfield>
    <subfield code="e">Britain</subfield>
    <subfield code="l">0</subfield>
    <subfield code="o">547 FIO 2002</subfield>
    <subfield code="r">2019-03-02 00:00:00</subfield>
    <subfield code="t">C-11</subfield>
    <subfield code="w">2019-03-02</subfield>
    <subfield code="y">BK</subfield>
  </datafield>
  <datafield tag="952" ind1=" " ind2=" ">
    <subfield code="0">0</subfield>
    <subfield code="1">0</subfield>
    <subfield code="2">ddc</subfield>
    <subfield code="4">0</subfield>
    <subfield code="7">0</subfield>
    <subfield code="8">NFIC</subfield>
    <subfield code="a">RUCL</subfield>
    <subfield code="b">RUCL</subfield>
    <subfield code="c">Stack</subfield>
    <subfield code="d">1974-03-18</subfield>
    <subfield code="e">Britain</subfield>
    <subfield code="l">0</subfield>
    <subfield code="o">547 FIO 1973</subfield>
    <subfield code="r">2019-03-03 00:00:00</subfield>
    <subfield code="t">C-12</subfield>
    <subfield code="w">2021-12-09</subfield>
    <subfield code="y">BK</subfield>
  </datafield>
  <datafield tag="952" ind1=" " ind2=" ">
    <subfield code="0">0</subfield>
    <subfield code="1">0</subfield>
    <subfield code="2">ddc</subfield>
    <subfield code="4">0</subfield>
    <subfield code="7">0</subfield>
    <subfield code="8">NFIC</subfield>
    <subfield code="a">RUCL</subfield>
    <subfield code="b">RUCL</subfield>
    <subfield code="c">Stack</subfield>
    <subfield code="d">1974-03-18</subfield>
    <subfield code="e">Britain</subfield>
    <subfield code="l">0</subfield>
    <subfield code="o">547 FIO V-1 1973</subfield>
    <subfield code="r">2019-03-07 00:00:00</subfield>
    <subfield code="t">C-13</subfield>
    <subfield code="w">2021-12-09</subfield>
    <subfield code="y">BK</subfield>
  </datafield>
</record>
